000 00524nam a2200193Ia 4500
005 20260120130938.0
008 008 260114s9999 xx 000 0 eng d
020 _a9780191751059
037 _aEBOOK
040 _aCRL
_beng
_cCRL
041 _aeng
_2eng
084 _qCRL
100 _aFosu
_9921105
245 0 _aAchieving Development Success
260 _bOxford University PressOxford University Press
_c2013
856 _uhttps://academic.oup.com/book/25349
942 _cEBOOK
999 _c1513015
_d1513015